| 000 | 00461cam a2200181ua 4500 | ||
|---|---|---|---|
| 020 | _c25.50 | ||
| 041 |
_aeng _h |
||
| 082 |
_a633.087 _bRAM/HI |
||
| 100 | _aRam, Mahabel . | ||
| 245 |
_aHigh yielding varieties of crops / _cMahabel Ram. _hTextual Documents |
||
| 260 |
_aNew Delhi : _bOxford & IBH Publishing company , _c1980. |
||
| 300 | _a676 ; . | ||
| 365 | _a25.50 | ||
| 504 | _a | ||
| 942 | _cBK | ||
| 999 |
_c3559 _d3559 |
||